000 00312 a2200145 4500
001 181555
020 _a
040 _cMagnum
100 _aRegina, Tia.
240 1 0 _aO paraiso dos insetos
_lpor
245 1 0 _aO paraiso dos insetos
362 0 _a1899
697 _aMAGNITO: IJ/LENDAS, FOLCLORE
942 _cBK
999 _c181555
_d181555